[Event "Lost Boys op"]
[Site "Amsterdam"]
[Date "2001.08.13"]
[Round "4"]
[White "Handke, Florian"]
[Black "Piket, Jeroen"]
[Result "1/2-1/2"]
[WhiteElo "2384"]
[BlackElo "2630"]
[PlyCount "184"]
[EventDate "2001.08.10"]
[EventType "swiss"]
[EventRounds "9"]
[EventCountry "NED"]
[SourceTitle "CBM 083 Extra"]
[Source "ChessBase"]
[SourceDate "2001.09.11"]
[SourceVersion "1"]
[SourceVersionDate "2001.09.11"]
[SourceQuality "1"]

1. e4 e5 2. Nf3 Nc6 3. Bb5 a6 4. Ba4 Nf6 5. 0-0 Be7 6. Re1 b5 7. Bb3 d6 8. c3 0-0 9. h3 Nb8 10. d4 Nbd7 11. Nbd2 Bb7 12. Bc2 Re8 13. Nf1 Bf8 14. Ng3 g6 15. a4 Bg7 16. Bd3 c6 17. b3 Qc7 18. Bb2 d5 19. dxe5 Nxe5 20. Nxe5 Qxe5 21. Re2 Qc7 22. c4 bxc4 23. bxc4 dxe4 24. Bxf6 exd3 25. Rxe8+ Rxe8 26. Bxg7 Kxg7 27. Qxd3 c5 28. Nf1 Qe5 29. Rd1 Qg5 30. Qc3+ Kg8 31. Qg3 Qxg3 32. Nxg3 a5 33. Rd7 Bc6 34. Rc7 Bxa4 35. Ra7 Re1+ 36. Kh2 Rc1 37. Ne4 Rxc4 38. Nd6 Rd4 39. Nxf7 c4 40. Ng5 Bc6 41. Rxa5 Rd5 42. Ra6 Bb7 43. Rb6 Rd7 44. Rb5 c3 45. Rc5 Rd5 46. Rc7 Rxg5 47. Rxb7 Rc5 48. Rb1 Kf7 49. Kg3 Ke6 50. Kf3 Kd5 51. Ke2 Kd4 52. Rd1+ Ke4 53. Ra1 Kd4 54. Ra4+ Rc4 55. Ra1 Ke4 56. Kd1 Rd4+ 57. Kc1 Rd2 58. Ra4+ Kd3 59. Rf4 g5 60. Rf3+ Kc4 61. Rf7 h5 62. g3 Ra2 63. Rc7+ Kd3 64. Rd7+ Ke4 65. Rg7 Ra5 66. Kc2 Rf5 67. f4 h4 68. gxh4 gxf4 69. Kxc3 Rh5 70. Kd2 Kf3 71. Rg1 Rxh4 72. Rf1+ Ke4 73. Re1+ Kf5 74. Rh1 Rh7 75. Ke2 Rg7 76. Kf3 Rg3+ 77. Kf2 Ra3 78. Rb1 Ra2+ 79. Kf3 Ra3+ 80. Kf2 Rxh3 81. Rb8 Rh2+ 82. Kf3 Rh3+ 83. Kf2 Rh6 84. Rf8+ Rf6 85. Rxf6+ Kxf6 86. Kf3 Kf5 87. Kf2 Ke4 88. Ke2 f3+ 89. Kf2 Kf4 90. Kf1 Ke3 91. Ke1 f2+ 92. Kf1 Kf3 1/2-1/2

[Event "Lost Boys op"]
[Site "Amsterdam"]
[Date "2001.08.10"]
[Round "1"]
[White "Piket, Jeroen"]
[Black "Hendriks, Willy"]
[Result "1/2-1/2"]
[WhiteElo "2630"]
[BlackElo "2321"]
[PlyCount "66"]
[EventDate "2001.08.10"]
[EventType "swiss"]
[EventRounds "9"]
[EventCountry "NED"]
[SourceTitle "CBM 083 Extra"]
[Source "ChessBase"]
[SourceDate "2001.09.11"]
[SourceVersion "1"]
[SourceVersionDate "2001.09.11"]
[SourceQuality "1"]

1. d4 Nf6 2. c4 c5 3. d5 b5 4. cxb5 a6 5. bxa6 g6 6. Nc3 Bxa6 7. Nf3 d6 8. g3 Bg7 9. Bg2 Nbd7 10. Rb1 0-0 11. 0-0 Ne8 12. Re1 Nc7 13. e4 Nb5 14. Nxb5 Bxb5 15. a3 Qb6 16. Bg5 h6 17. Be3 Qa6 18. Bh3 Rab8 19. Qc1 Kh7 20. b3 Rfd8 21. Bf1 Bxf1 22. Rxf1 Rb7 23. Kg2 Rdb8 24. Nd2 Ne5 25. h3 Qd3 26. Bf4 c4 27. Bxe5 Bxe5 28. Nxc4 Rxb3 29. Rxb3 Rxb3 30. Nxe5 Qxe4+ 31. Kg1 Qxe5 32. Re1 Rxg3+ 33. fxg3 Qxg3+ 1/2-1/2

[Event "Vlissingen HZ op 05th"]
[Site "Vlissingen"]
[Date "2001.08.04"]
[Round "9"]
[White "Piket, Jeroen"]
[Black "Romanishin, Oleg M"]
[Result "1/2-1/2"]
[WhiteElo "2630"]
[BlackElo "2579"]
[PlyCount "21"]
[EventDate "2001.07.28"]
[EventType "swiss"]
[EventRounds "9"]
[EventCountry "NED"]
[SourceTitle "CBM 083 Extra"]
[Source "ChessBase"]
[SourceDate "2001.09.11"]
[SourceVersion "1"]
[SourceVersionDate "2001.09.11"]
[SourceQuality "1"]

1. d4 Nf6 2. c4 e6 3. Nf3 b6 4. g3 Ba6 5. Qa4 Be7 6. Nc3 0-0 7. Bg2 c6 8. Ne5 Qe8 9. Bg5 d5 10. cxd5 cxd5 11. Qxe8 1/2-1/2